Vista normal
Vista MARC
Entrada Nombre Corporativo
Número de registros utilizados en: 1
001 - NUMERO DE CONTROL
- control field: 27207
003 - CONTROL NUMBER IDENTIFIER
- control field: AR-RoUNA
005 - FECHA Y HORA DE LA ÚLTIMA TRANSACCIÓN
- control field: 20250527123112.0
008 - ELEMENTOS DE DATOS DE LONGITUD FIJA
- fixed length control field: 250527|| aca||aabn | a|a d
040 ## - FUENTE DE CATALOGACIÓN
- Original cataloging agency: AR-RoUNA
- Transcribing agency: AR-RoUNA
110 ## - NOMBRE CORPORATIVO
- Nombre corporativo: Unión Panamericana, Washington 6 D.C.
- Subordinate unit: Departamento de Asuntos Economicos y sociales. División de Trabajo y Asuntos Sociales
670 ## - SOURCE DATA FOUND
- Source citation: Work cat.: (AR-RoUNA)12016: Unión Panamericana, Washington 6 D.C. Departamento de Asuntos Economicos y sociales. División de Trabajo y Asuntos Sociales, Habitaciones obreras y cooperativas de vivienda, 1952.